Cities' Old Names Quiz - Statistics

General Stats
  • This quiz has been taken 42 times
  • The average score is 8 of 15
Answer Stats
Question Answer % Correct
Peking Beijing
89%
Byzantium Istanbul
89%
Edo Tokyo
89%
Christiania Oslo
79%
Pest-Buda Budapest
74%
Lundenwic London
63%
Malmhauger Malmö
63%
Nur-Sultan Astana
58%
Tsaritsyn Volgograd
53%
Dunedin Edinburgh
47%
Yerba Buena San Francisco
37%
Jernigan Orlando
32%
Jingzhou Xi'an
32%
Tuleburg Stockton, CA
26%
Fort Rouillé Toronto
11%
No matching quizzes found
Score Distribution
Percent of People with Each Score
Percentile by Number Answered
Your Score History
You have not taken this quiz